Veganská strava: pozitivní a negativní aspekty

Charakteristika vegetariánstva. Nutričná kvalita vegetariánskej stravy. Vegetariánska strava a jej vplyv na civilizačné ochorenia. Negatívne aspekty vegánskej stravy.

Gespeichert in:
Bibliographische Detailangaben
1. Verfasser: Červenka, Libor
Weitere Verfasser: Brožková, Iveta, Červenková, Zuzana
Format: Buchkapitel
Sprache:Tschechisch
Schlagworte:
Tags: Tag hinzufügen
Keine Tags, Fügen Sie das erste Tag hinzu!

MARC

LEADER 00000naa a2200000 4500
001 0251488
005 20190304101313.2
041 0 |a cze 
044 |a CZ 
245 1 0 |a Veganská strava: pozitivní a negativní aspekty  |c Libor Červenka, Iveta Brožková, Zuzana Červenková 
520 |a Charakteristika vegetariánstva. Nutričná kvalita vegetariánskej stravy. Vegetariánska strava a jej vplyv na civilizačné ochorenia. Negatívne aspekty vegánskej stravy. 
610 2 0 |a potraviny 
610 2 0 |a ovocie 
610 2 0 |a obilniny 
610 2 0 |a zelenina 
610 2 0 |a zdravie 
610 2 0 |a choroby civilizačné 
610 2 0 |a chémia 
610 2 0 |a filozofia 
100 1 |a Červenka, Libor 
700 1 |a Brožková, Iveta 
700 1 |a Červenková, Zuzana